000 01755cam a2200313 i 4500
001 23409670
005 20240912112205.0
008 231201s2024 enk b 001 0 eng d
010 _a 2023951417
020 _z9781035347377 (Paperback)
035 _a(OCoLC)on1400973149
040 _aYDX
_beng
_erda
_cYDX
_dBDX
_dCLU
_dOCLCO
_dYDX
_dDLC
042 _alccopycat
050 0 0 _aK2400
_b.C36 2024
082 0 4 _a341.5/22
_223
100 1 _aCampbell, Mark
_c(Law teacher),
_eauthor.
245 1 4 _aThe model law approach to international commercial arbitration :
_ba primer /
_cMark Campbell.
264 1 _aCheltenham, UK ;
_aNorthampton, MA :
_bEdward Elgar Publishing Limited,
_c[2024]
300 _ax, 173 pages ;
_c25 cm.
336 _atext
_btxt
_2rdacontent
365 _bRs. 3167.00
504 _aIncludes bibliographical references and index.
505 0 _aArbitration and the Model Law -- Arbitration agreements -- The arbitral tribunal -- Arbitral proceedings -- Challenging and enforcing awards -- Appendix: UNCITRAL Model Law on International Commercial Arbitration.
520 _a"Taking the UNCITRAL Model Law on International Commercial Arbitration as its basis, this concise and accessible book presents a cutting-edge account of the international arbitral process. Applying a chronological approach, the book will enable readers to gain an understanding of the arbitral process from start to finish."
610 2 0 _aUnited Nations Commission on International Trade Law.
_tUNCITRAL Model Law on International Commercial Arbitration.
650 0 _aInternational commercial arbitration.
710 2 2 _aUnited Nations Commission on International Trade Law.
_tUNCITRAL Model Law on International Commercial Arbitration.
942 _2ddc
_cBK
999 _c212703
_d212703